La explicación
保存先:
| 主要な著者: | , |
|---|---|
| フォーマット: | 図書 |
| 言語: | スペイン語 |
| 出版事項: |
Buenos Aires
Eudeba
2000
|
| 版: | 1a. ed |
| シリーズ: | Enciclopedia Semiológica
|
| 主題: | |
| タグ: |
タグ追加
タグなし, このレコードへの初めてのタグを付けませんか!
|
MARC
| LEADER | 00000cam a2200000 a 4500 | ||
|---|---|---|---|
| 001 | UCL8046 | ||
| 003 | CL-VaPUC | ||
| 008 | 040611e20000000AG |||||||||||||||||spa|d | ||
| 020 | |a 9502310489 | ||
| 082 | 0 | 4 | |a 401.41 |b ZAM |2 21 |
| 100 | 0 | |a Zamudio de Molina, Bertha |e author |9 485987 | |
| 700 | 0 | |a Atorresi, Ana |e author |9 485988 | |
| 245 | 1 | 3 | |a La explicación |
| 250 | |a 1a. ed | ||
| 300 | |a 142 p | ||
| 942 | |c BK | ||
| 945 | |d 20040611 00:00:00 |a cmena | ||
| 260 | |a Buenos Aires |b Eudeba |c 2000 | ||
| 650 | 0 | |a Análisis del discurso |9 256696 | |
| 650 | 0 | |a Semiótica |9 265317 | |
| 650 | 0 | |a Semántica |9 265318 | |
| 650 | 0 | |a Retórica |9 266620 | |
| 650 | 0 | |a Lingüística |9 265068 | |
| 583 | |a last modification |c 20130528 12:45:59 |k Rodrigo Vera | ||
| 490 | 0 | |a Enciclopedia Semiológica | |
| 999 | |c 309532 |d 309530 | ||
| 952 | |0 0 |1 0 |4 0 |6 401_410000000000000_ZAM_2000 |7 0 |8 A |9 377036 |a FDOPOS |b FDOPOS |d 2019-11-21 |i 4005643 |o 401.41 ZAM 2000 |p 4005643 |r 2025-01-22 |w 2019-11-21 |y BK |k MLA | ||
| 952 | |0 0 |1 0 |4 0 |6 401_410000000000000_ZAM_2000 |7 0 |8 A |9 377037 |a BIBEDU |b BIBEDU |d 2019-11-21 |i 497445K |o 401.41 ZAM 2000 |p 497445K |r 2019-11-21 |w 2019-11-21 |y BK |k LIT | ||